000 01119cam a2200349 a 4500
001 22462
003 SK-KTurca
005 20260328130241.0
008 251031s2005 xo g 000 f slo
015 _aSNBA2006/08-04321
020 _a8055111456
_q(viaz)
035 _aE758A7B9-8F46-42CC-B61B-28DAE9E2262B
035 _aurn:nbn:sk:snk-amlcfu
035 _aurn:nbn:sk:snk-am009196
040 _aVTHK
_bslo
_cVTHK
_dSNK
_eAACR2
041 1 _aslo
_heng
044 _axo
_cSk
072 7 _a821.111(73)-3
_xAmerická próza
_2konspekt
080 _a821.111(73)-31
_22001
080 _a(0:82-312.5)
_22001
100 1 _aQuick, Amanda,
_d1948-
_4aut
240 1 4 _aThe paid companion
_lSlovensky
245 1 0 _aPlatená spoločníčka
_cAmanda Quicková ; [z anglického originálu preložila Mária Klenková]
250 _a[1. vyd.]
260 _aBratislava
_bIkar
_c2006
300 _a287 s.
_c21 cm
655 7 _aľúbostné romány
_2SNKPH
655 7 _aamerické romány
_2SNKPH
700 1 _aKlenková, Mária
_4trl
942 _2ddc
_cKLDO
_n0
999 _c22462
_d22462